| 000 | 00488nam a22001937a 4500 | ||
|---|---|---|---|
| 003 | MPLRDC | ||
| 005 | 20220104191700.0 | ||
| 008 | 210129b ||||| |||| 00| 0 eng d | ||
| 020 | _a978-986-6043-14-7 | ||
| 082 | _a861.57 DYGW-5 | ||
| 100 | _a东野圭吾 | ||
| 245 |
_a变身 _c叶韦利 译 |
||
| 250 | _a初版 | ||
| 260 |
_a台湾 _b独步文化 _c2012 |
||
| 300 | _b平 | ||
| 490 | _a东野圭吾作品集: 30 | ||
| 650 | _a日本文学--小说 | ||
| 942 |
_cBK _o861.57 DYGW-5 |
||
| 999 |
_c64364 _d64354 |
||